Library Banner

Waqt ka bahtar istemat(وقت کا بہتر استعمال)/ (Record no. 102146)

MARC details
000 -LEADER
fixed length control field 00425nam a22001457a 4500
005 - DATE AND TIME OF LATEST TRANSACTION
control field 20180125101356.0
008 - FIXED-LENGTH DATA ELEMENTS--GENERAL INFORMATION
fixed length control field 180125b xxu||||| |||| 00| 0 eng d
020 ## - INTERNATIONAL STANDARD BOOK NUMBER
International Standard Book Number 9789699019104
040 ## - CATALOGING SOURCE
Transcribing agency PK-LaUMT
082 ## - DEWEY DECIMAL CLASSIFICATION NUMBER
Classification number PKAC 158.1
Item number WAQ-
245 ## - TITLE STATEMENT
Title Waqt ka bahtar istemat(وقت کا بہتر استعمال)/
Statement of responsibility, etc Muhammad Bashir Jumma(compiler)
260 ## - PUBLICATION, DISTRIBUTION, ETC. (IMPRINT)
Place of publication, distribution, etc لاہور
Name of publisher, distributor, etc منشورات
Date of publication, distribution, etc 2009
300 ## - PHYSICAL DESCRIPTION
Extent 272
942 ## - ADDED ENTRY ELEMENTS (KOHA)
Koha item type Books
Holdings
Withdrawn status Lost status Damaged status Home library Current library Date acquired Full call number Barcode Date last seen Price effective from Koha item type Copy number
      UMT Main Campus UMT Main Campus 2018-01-25 PKAC 158.1 WAQ- 118099 2018-01-25 2018-01-25 Books  
      UMT Main Campus UMT Main Campus 2018-01-25 PKAC 158.1 WAQ- 118091 2018-01-25 2018-01-25 Books C-2